LEADER 01126nam0 2200277 i 450 001 SUN0002844 005 20111031095000.583 020 $aIT$b87 3940 100 $a20020704d1984 |0itac50 ba 101 $aita 102 $aIT 105 $a|||| ||||| 200 1 $aRagionevolezza e significatività come parametri di determinatezza della norma penale$fGiorgio Licci 210 $aTorino$cGiappichelli$d1989 215 $a170 p.$d25 cm. 606 $aNorma penale$2FI$3SUNC002007 620 $dTorino$3SUNL000001 676 $a345.45$cDiritto penale. Italia$v22 700 1$aLicci$b, Giorgio$3SUNV002931$0263059 712 $aGiappichelli$3SUNV000045$4650 801 $aIT$bSOL$c20181109$gRICA 912 $aSUN0002844 950 $aUFFICIO DI BIBLIOTECA DEL DIPARTIMENTO DI GIURISPRUDENZA$d00 CONS XIV.Ea.83 $e00 956 995 $aUFFICIO DI BIBLIOTECA DEL DIPARTIMENTO DI GIURISPRUDENZA$h956$kCONS XIV.Ea.83$op$qa 996 $aRagionevolezza e significatività come parametri di determinatezza della norma penale$9671873 997 $aUNICAMPANIA LEADER 04529nam 2201021Ia 450 001 9910786940303321 005 20230803030552.0 010 $a0-520-28749-5 010 $a0-520-95655-9 024 7 $a10.1525/9780520956551 035 $a(CKB)2670000000390355 035 $a(EBL)1251020 035 $a(OCoLC)852758583 035 $a(SSID)ssj0000916873 035 $a(PQKBManifestationID)11485651 035 $a(PQKBTitleCode)TC0000916873 035 $a(PQKBWorkID)10891548 035 $a(PQKB)11631554 035 $a(StDuBDS)EDZ0000229721 035 $a(MiAaPQ)EBC1251020 035 $a(DE-B1597)521147 035 $a(OCoLC)856627304 035 $a(DE-B1597)9780520956551 035 $a(Au-PeEL)EBL1251020 035 $a(CaPaEBR)ebr10729710 035 $a(CaONFJC)MIL503069 035 $a(EXLCZ)992670000000390355 100 $a20130412d2013 ub 0 101 0 $aeng 135 $aurnn#---|u||u 181 $ctxt 182 $cc 183 $acr 200 10$aHanoi's road to the Vietnam War, 1954-1965$b[electronic resource] /$fPierre Asselin 210 $aBerkeley $cUniversity of California Press$d2013 215 $a1 online resource (348 p.) 225 1 $aFrom Indochina to Vietnam ;$v7 300 $aDescription based upon print version of record. 311 0 $a1-299-71818-3 311 0 $a0-520-27612-4 320 $aIncludes bibliographical references and index. 327 $tFront matter --$tContents --$tMaps --$tForeword by the Series Editors --$tAcknowledgments --$tGlossary of Terms and Acronyms --$tIntroduction --$t1. Choosing Peace, 1954-1956 --$t2. Changing Course, 1957-1959 --$t3. Treading Cautiously, 1960 --$t4. Buying Time, 1961 --$t5. Exploring Neutralization, 1962 --$t6. Choosing War, 1963 --$t7. Waging War, 1964 --$tEpilogue --$tNotes --$tBibliography --$tIndex 330 $aHanoi's Road to the Vietnam War opens in 1954 with the signing of the Geneva accords that ended the eight-year-long Franco-Indochinese War and created two Vietnams. In agreeing to the accords, Ho Chi Minh and other leaders of the Democratic Republic of Vietnam anticipated a new period of peace leading to national reunification under their rule; they never imagined that within a decade they would be engaged in an even bigger feud with the United States. Basing his work on new and largely inaccessible Vietnamese materials as well as French, British, Canadian, and American documents, Pierre Asselin explores the communist path to war. Specifically, he examines the internal debates and other elements that shaped Hanoi's revolutionary strategy in the decade preceding U.S. military intervention, and resulting domestic and foreign programs. Without exonerating Washington for its role in the advent of hostilities in 1965, Hanoi's Road to the Vietnam War demonstrates that those who directed the effort against the United States and its allies in Saigon were at least equally responsible for creating the circumstances that culminated in arguably the most tragic conflict of the Cold War era. 410 0$aFrom Indochina to Vietnam ;$vv. 7. 606 $aVietnam War, 1961-1975$xCauses 607 $aVietnam (Democratic Republic)$xHistory 607 $aVietnam (Democratic Republic)$xForeign relations 610 $a1954. 610 $aallied forces. 610 $aasian history. 610 $aasian studies. 610 $acivic. 610 $acold war asia. 610 $acold war era. 610 $acold war. 610 $acommunism. 610 $ademocratic republic of vietnam. 610 $adiplomacy. 610 $aengaging. 610 $afranco indochinese war. 610 $ageneva accords. 610 $ahanoi. 610 $ahistory. 610 $aho chi min. 610 $ainside look. 610 $ainternal debates. 610 $amilitary history. 610 $anational reunification. 610 $apage turner. 610 $apeace talks. 610 $aretrospective. 610 $asaigon. 610 $asoutheast asia. 610 $asoviet union. 610 $aunited states. 610 $aus military intervention. 610 $avietnam war. 610 $avietnam. 615 0$aVietnam War, 1961-1975$xCauses. 676 $a959.704/31 700 $aAsselin$b Pierre$0696720 801 0$bMiAaPQ 801 1$bMiAaPQ 801 2$bMiAaPQ 906 $aBOOK 912 $a9910786940303321 996 $aHanoi's road to the Vietnam War, 1954-1965$93713263 997 $aUNINA LEADER 01118nam0-22003131i-450 001 990001701110403321 005 20260129144218.0 035 $a000170111 100 $a20110401d1977----km-y0itay50------ba 101 0 $aita 102 $aIT 200 1 $aOrganizzazione del mercato agricolo nella Comunità Economica Europea$einterventi di mercato e organismi di intervento$etavola rotonda, Firenze, 28-30 gennaio 1976 210 $aMilano$cGiuffrè$d1977 215 $a365 p.$d25 cm 610 0 $aMercati agricoli 610 0 $aAgricoltura$aPolitiche internazionali 676 $a380.141 676 $a338.181$v23$zita 710 12$aTavola rotonda sulla organizzazione del mercato agricolo nella Comunità Economica Europea$f<1976 ;$eFirenze>$0492778 801 0$aIT$bUNINA$gRICA$2UNIMARC 901 $aBK 912 $a990001701110403321 952 $a60 338.14 BRAS 1977$b47005$fFAGBC 952 $aF ECO 38$b02/0165/25$fFAGBC 952 $aIII Q 18$b4884$fFSPBC 959 $aFAGBC 959 $aFSPBC 996 $aOrganizzazione del mercato agricolo nella Comunità Economica Europea$9362410 997 $aUNINA